Toutes les communes du Calvados en "-ville" - Statistiques

Statistiques générales
  • Ce quiz a été pris 29 fois
  • Le résultat moyen est 28 sur 111
Réponses sur la Carte
Les réponses sont colorées sur une échelle allant du rouge au vert en fonction du pourcentage des utilisateurs qui les ont devinées à leur premier essai. Vous pouvez retrouver ces pourcentages ci-dessous.
 
Statistiques - réponses
Communes % Correct
{Trou}ville-sur-Mer
74%
{Bié}ville-{Beu}ville
68%
{Hérou}ville-Saint-Clair
68%
{Bré}ville-les-Monts
63%
{Colle}ville-Montgomery
63%
{Colle}ville-sur-Mer
63%
{Deau}ville
63%
{Monde}ville
63%
{Brette}ville-le-Rabet
58%
{Brette}ville-l'Orgueilleuse
58%
{Brette}ville-sur-Dives
58%
{Brette}ville-sur-Laize
58%
{Brette}ville-sur-Odon
58%
{Mer}ville-{France}ville-Plage
58%
{Ran}ville
58%
{Bié}ville-{Quétié}ville
47%
{Blain}ville-sur-Orne
47%
{Amfre}ville
42%
{Ban}ville
42%
{Bénou}ville
42%
{Giber}ville
37%
{Herman}ville-sur-Mer
37%
{Vier}ville-sur-Mer
37%
{Viller}ville
37%
{Barne}ville-la-Bertran
32%
{Démou}ville
32%
{Grenthe}ville
32%
{Sanner}ville
32%
{Vara}ville
32%
{Banne}ville-la-Campagne
26%
{Banne}ville-sur-Ajon
26%
{Béner}ville-sur-Mer
26%
{Blon}ville-sur-Mer
26%
{Cuver}ville
26%
{Dou}ville-en-Auge
26%
{Frénou}ville
26%
{Longue}ville
26%
{Ou}ville-la-Bien-Tournée
26%
{Tour}ville-en-Auge
26%
{Tour}ville-sur-Odon
26%
{Ur}ville
26%
{Bellengre}ville
21%
{Bonne}ville-la-Louvet
21%
{Bonne}ville-sur-Touques
21%
{Cau}ville
21%
{Englesque}ville-en-Auge
21%
{Englesque}ville-la-Percée
21%
{Éter}ville
21%
{Fier}ville-Bray
21%
{Fier}ville-les-Parcs
21%
Garcelles-{Secque}ville
21%
{Gonne}ville-en-Auge
21%
{Gonne}ville-sur-Honfleur
21%
{Gonne}ville-sur-Mer
21%
{Grain}ville-Langannerie
21%
{Grain}ville-sur-Odon
21%
{Jan}ville
21%
{Manne}ville-la-Pipard
21%
{Peti}ville
21%
{Secque}ville-en-Bessin
21%
{Sur}ville
21%
{Touffré}ville
21%
{Bran}ville
16%
{Bricque}ville
16%
{Canap}ville
16%
{Car}ville
16%
{Cricque}ville-en-Auge
16%
{Cricque}ville-en-Bessin
16%
{Émié}ville
16%
{Équemau}ville
16%
{Esco}ville
16%
{Fourne}ville
16%
{Genne}ville
16%
{Goustran}ville
16%
{Mande}ville-en-Bessin
16%
{Martain}ville
16%
{Osman}ville
16%
{Quette}ville
16%
{Tourgé}ville
16%
{Vau}ville
16%
{Aigner}ville
11%
{Ancto}ville
11%
{Anger}ville
11%
{Ango}ville
11%
{Auber}ville
11%
{Auquain}ville
11%
{Bassene}ville
11%
{Bourgeau}ville
11%
{Cardon}ville
11%
{Chichebo}ville
11%
{Clé}ville
11%
{Écramme}ville
11%
{Glan}ville
11%
{Laize}-la-Ville
11%
{Mondrain}ville
11%
{Monfré}ville
11%
{Prêtre}ville
11%
{Acque}ville
5%
{Barbe}ville
5%
{Bazen}ville
5%
{Cheffre}ville-Tonnencourt
5%
{Conte}ville
5%
{Cossesse}ville
5%
{Croissan}ville
5%
{Damblain}ville
5%
{Hié}ville
5%
{Perthe}ville-Ners
5%
{Rucque}ville
5%
{Thié}ville
5%
{Tierce}ville
5%
{Versain}ville
5%
Aucun quiz correspondant
Distribution des résultats
% des personnes avec chaque résultat
Percentile par nombre de réponses
Votre historique - résultats
Vous n’avez pas pris ce quiz